[Event "V Open Amatori"]
[Site "Arvier ITA"]
[Date "2015.01.03"]
[Round "2"]
[White "Yeuillaz, Corrado"]
[Black "Bagnod, Ruben"]
[WhiteElo "2221"]
[BlackElo "1819"]
[Result "1-0"]
[PlyCount "22"]
[EventDate "2015.01.02"]

1. e4 e5 2. Nf3 Nc6 3. Bb5 d6 4. O-O Nf6 5. Re1 Bd7 6. c3 Be7 7. d4 Bg4 8. d5
Qd7 9. Qa4 Bxf3 10. dxc6 Qg4 11. cxb7+ Qd7 1-0

[Event "V Open Amatori"]
[Site "Arvier ITA"]
[Date "2015.01.03"]
[Round "3"]
[White "Bagnod, Ruben"]
[Black "Piazza, Giacomo"]
[WhiteElo "1819"]
[BlackElo "1592"]
[Result "1-0"]
[PlyCount "93"]
[EventDate "2015.01.02"]

1. e4 d6 2. Nf3 Nd7 3. d4 e6 4. Be2 Ne7 5. O-O g6 6. c4 c5 7. d5 exd5 8. cxd5
Bg7 9. Bf4 Bxb2 10. Nbd2 Bxa1 11. Qxa1 Ne5 12. Nxe5 dxe5 13. Qxe5 Rg8 14. d6 f6
15. Qxf6 Nc6 16. Qc3 Nd4 17. Qc4 Nxe2+ 18. Qxe2 Bd7 19. e5 Be6 20. Ne4 Rf8 21.
Bg5 Qd7 22. Nxc5 Qf7 23. Be7 Bc4 24. Qe1 Bxf1 25. Qxf1 Qd5 26. Qb5+ Qc6 27.
Qxc6+ bxc6 28. Bxf8 Kxf8 29. e6 Ke8 30. h4 Rb8 31. g4 Rb4 32. f3 Rb5 33. Ne4
Re5 34. Ng5 h6 35. f4 Ra5 36. Nf7 Rd5 37. d7+ Ke7 38. d8=Q+ Rxd8 39. Nxd8 Kxd8
40. f5 Ke7 41. Kf2 g5 42. h5 Kd6 43. Ke3 Ke7 44. Kd4 Kd6 45. Kc4 a6 46. a4 c5
47. a5 1-0

[Event "V Open Amatori"]
[Site "Arvier ITA"]
[Date "2015.01.03"]
[Round "3"]
[White "Baloire, Endy"]
[Black "Cattaneo, Roger"]
[WhiteElo "1960"]
[BlackElo "1827"]
[Result "1-0"]
[PlyCount "65"]
[EventDate "2015.01.02"]

1. d4 d5 2. c4 e6 3. Nc3 Nf6 4. Bg5 Be7 5. e3 c6 6. Bd3 dxc4 7. Bxc4 Nd5 8.
Bxe7 Qxe7 9. Nf3 Nxc3 10. bxc3 b5 11. Bd3 a5 12. O-O O-O 13. Ne5 f6 14. Qh5 g6
15. Nxg6 hxg6 16. Bxg6 Bd7 17. f4 Be8 18. Rf3 Bxg6 19. Qxg6+ Qg7 20. Qh5 Qh7
21. Rg3+ Kh8 22. Qf3 Qc2 23. Rh3+ Kg8 24. Qh5 Ra7 25. Qh8+ Kf7 26. Qh7+ Qxh7
27. Rxh7+ Kg6 28. Rxa7 Kf5 29. Rxa5 Ke4 30. Kf2 Nd7 31. a4 bxa4 32. R5xa4 Nb6
33. Ra6 1-0

[Event "V Open Amatori"]
[Site "Arvier ITA"]
[Date "2015.01.03"]
[Round "3"]
[White "Ciuffoletti, Paolo"]
[Black "Yeuillaz, Corrado"]
[WhiteElo "2163"]
[BlackElo "2221"]
[Result "0-1"]
[PlyCount "62"]
[EventDate "2015.01.02"]

1. e4 d5 2. exd5 Qxd5 3. Nc3 Qd6 4. d4 Nf6 5. Nf3 Bg4 6. h3 Bh5 7. g4 Bg6 8.
Ne5 c6 9. a3 Nbd7 10. Nxg6 hxg6 11. Bg2 e6 12. Be3 Nb6 13. g5 Nfd5 14. Nxd5
Nxd5 15. Qg4 Be7 16. c4 Nxe3 17. fxe3 Qd8 18. O-O-O Bxg5 19. d5 cxd5 20. cxd5
e5 21. Kb1 Rh4 22. Qg3 Bf6 23. d6 Qb6 24. Rhf1 Ra4 25. d7+ Ke7 26. Bd5 Rxa3 27.
Bxf7 Kxf7 28. Rxf6+ gxf6 29. d8=Q Rxd8 30. Rxd8 Rxe3 31. Rd7+ Ke8 0-1

[Event "V Open Amatori"]
[Site "Arvier ITA"]
[Date "2015.01.03"]
[Round "3"]
[White "Leo, Giovanni"]
[Black "Bogatto, Mario"]
[WhiteElo "1398"]
[BlackElo "1392"]
[Result "1/2-1/2"]
[PlyCount "114"]
[EventDate "2015.01.02"]

1. d4 d5 2. c4 e6 3. cxd5 exd5 4. Nc3 c6 5. Nf3 Nf6 6. Bf4 Be7 7. e3 O-O 8. Bd3
Bg4 9. h3 Bxf3 10. Qxf3 Nbd7 11. O-O Rc8 12. e4 dxe4 13. Nxe4 Nxe4 14. Bxe4 Bf6
15. Qd3 g6 16. Rab1 Nb6 17. Be3 Nd5 18. Bxd5 Qxd5 19. b3 Rfd8 20. Rbd1 c5 21.
Qb5 cxd4 22. Qxd5 Rxd5 23. f4 Rcd8 24. Bf2 b6 25. g4 h6 26. h4 Bg7 27. Rfe1
R5d7 28. Re2 d3 29. Re4 Bd4 30. Kf1 Bxf2 31. Kxf2 d2 32. Re2 Rd5 33. Ke3 Rd3+
34. Ke4 Kg7 35. Re3 R8d4+ 36. Kf3 f5 37. g5 h5 38. Rxd3 Rxd3+ 39. Ke2 Rh3 40.
Rxd2 Rxh4 41. Rd7+ Kf8 42. Rxa7 Rxf4 43. Ra6 Re4+ 44. Kd3 Re6 45. Ra4 Ke7 46.
Kc4 Re4+ 47. Kd3 Rg4 48. Ra6 Rxg5 49. Rxb6 h4 50. Rb7+ Kd6 51. a4 Rg3+ 52. Ke2
h3 53. Kf2 f4 54. a5 Rg2+ 55. Kf1 Ra2 56. Rh7 Rh2 57. a6 f3 1/2-1/2

[Event "V Open Amatori"]
[Site "Arvier ITA"]
[Date "2015.01.03"]
[Round "3"]
[White "Lyabel, Giacomo"]
[Black "Ventrella, Enrico"]
[WhiteElo "1544"]
[BlackElo "1748"]
[Result "0-1"]
[PlyCount "78"]
[EventDate "2015.01.02"]

1. d4 Nf6 2. c4 g6 3. Nc3 d5 4. e3 Bg7 5. Nf3 O-O 6. Be2 c6 7. O-O a6 8. b3
dxc4 9. bxc4 Qc7 10. a4 Bf5 11. Bd3 Bxd3 12. Qxd3 Nbd7 13. Ba3 Rfe8 14. Rfd1 e5
15. dxe5 Nxe5 16. Nxe5 Qxe5 17. Bb2 Qa5 18. Qe2 Red8 19. Qc2 Nd7 20. Ne4 Qf5
21. Bxg7 Kxg7 22. Qc3+ Qe5 23. Qc2 Nc5 24. Nxc5 Qxc5 25. Qb3 b5 26. Rdc1 b4 27.
Rd1 a5 28. h3 Qe7 29. Rac1 Rxd1+ 30. Rxd1 Rd8 31. Qc2 c5 32. Qb3 Rd6 33. Rxd6
Qxd6 34. Qc2 Qe5 35. Kf1 Qa1+ 36. Ke2 Qa3 37. Qe4 Qb2+ 38. Kf3 b3 39. Qd3 Qc2
0-1

[Event "V Open Amatori"]
[Site "Arvier ITA"]
[Date "2015.01.03"]
[Round "3"]
[White "Marguerettaz, Davy"]
[Black "Ortolani, Paolo"]
[WhiteElo "2222"]
[BlackElo "1735"]
[Result "1-0"]
[PlyCount "33"]
[EventDate "2015.01.02"]

1. d4 d6 2. e4 e5 3. Nf3 Bg4 4. dxe5 Bxf3 5. Qxf3 dxe5 6. Bc4 Nf6 7. Qb3 Qd4 8.
Bxf7+ Kd8 9. Qxb7 Qxe4+ 10. Qxe4 Nxe4 11. Bd5 Nxf2 12. Kxf2 c6 13. Be4 Bc5+ 14.
Be3 Rf8+ 15. Ke2 Bd6 16. Nc3 Kc7 17. Nb5+ 1-0

[Event "V Open Amatori"]
[Site "Arvier ITA"]
[Date "2015.01.03"]
[Round "3"]
[White "Scalfi, Agostino"]
[Black "Bonino, Silvano"]
[WhiteElo "1780"]
[BlackElo "1441"]
[Result "1/2-1/2"]
[PlyCount "26"]
[EventDate "2015.01.02"]

1. e4 d6 2. d4 g6 3. Nc3 Bg7 4. Be3 Nf6 5. Qd2 O-O 6. Bh6 c6 7. Nf3 e5 8. Bxg7
Kxg7 9. h4 exd4 10. Nxd4 Nbd7 11. f3 Re8 12. O-O-O Qa5 13. Nb3 Qc7 1/2-1/2

[Event "V Open Amatori"]
[Site "Arvier ITA"]
[Date "2015.01.03"]
[Round "3"]
[White "Van Hoolandt, Patrick"]
[Black "Ranieri, Fabrizio"]
[WhiteElo "2164"]
[BlackElo "2266"]
[Result "0-1"]
[PlyCount "110"]
[EventDate "2015.01.02"]

1. d4 e6 2. c4 d5 3. Nf3 c6 4. Qc2 Nf6 5. cxd5 exd5 6. Bg5 Be7 7. Nc3 O-O 8. e3
Nbd7 9. Bd3 Re8 10. O-O Nf8 11. Rab1 Ng6 12. b4 a6 13. Bxf6 Bxf6 14. Na4 Be7
15. Rfc1 Bd6 16. Bf5 Qf6 17. Bxc8 Raxc8 18. Nc5 Re7 19. Rb3 Nf8 20. Nd3 g5 21.
a4 Rec7 22. Nde5 h5 23. h3 Ng6 24. Nxg6 fxg6 25. Ne5 Rg7 26. Qb2 Re7 27. b5
axb5 28. Rxb5 Rf8 29. Rb3 Qf5 30. Qc2 Bxe5 31. dxe5 Qxc2 32. Rxc2 Ra8 33. Rcb2
Ra7 34. a5 Kf7 35. f4 Ke6 36. g4 hxg4 37. hxg4 Rf7 38. a6 b5 39. Rc2 Rxa6 40.
Rbc3 Rc7 41. Rc5 Rb6 42. Kf2 b4 43. Ke2 b3 44. Rb2 Rh7 45. Kd3 gxf4 46. exf4
Rh3+ 47. Kd2 g5 48. fxg5 Kxe5 49. Rb1 b2 50. Rc3 Rxc3 51. Kxc3 c5 52. Kd3 c4+
53. Ke3 d4+ 54. Ke2 Ke4 55. Kd2 Kf4 0-1

[Event "V Open Amatori"]
[Site "Arvier ITA"]
[Date "2015.01.04"]
[Round "4"]
[White "Bonino, Silvano"]
[Black "Bogatto, Mario"]
[WhiteElo "1441"]
[BlackElo "1392"]
[Result "1/2-1/2"]
[PlyCount "36"]
[EventDate "2015.01.02"]

1. d4 d5 2. e3 Nf6 3. Nf3 e6 4. a3 c6 5. c4 Be7 6. Nc3 Nbd7 7. cxd5 exd5 8. Bd3
c5 9. dxc5 Nxc5 10. Bc2 O-O 11. O-O a6 12. b4 Nce4 13. Bb2 Nxc3 14. Bxc3 Be6
15. Qb1 g6 16. Nd4 Rc8 17. Nxe6 fxe6 18. Qb2 Qc7 1/2-1/2

[Event "V Open Amatori"]
[Site "Arvier ITA"]
[Date "2015.01.04"]
[Round "4"]
[White "Cattaneo, Roger"]
[Black "Bagnod, Ruben"]
[WhiteElo "1827"]
[BlackElo "1819"]
[Result "1-0"]
[PlyCount "67"]
[EventDate "2015.01.02"]

1. e4 e5 2. Nf3 Nc6 3. Bc4 Nf6 4. Nc3 Bb4 5. d3 d6 6. h3 Nd4 7. a3 Ba5 8. O-O
O-O 9. Nxd4 exd4 10. Ne2 c5 11. Nf4 Bd7 12. Bd2 b5 13. Ba2 Rb8 14. b4 Bb6 15.
Re1 Re8 16. c4 a5 17. cxb5 axb4 18. Bc4 Ba5 19. axb4 Bxb4 20. Bxb4 cxb4 21. Qb3
Bxb5 22. Bxf7+ Kh8 23. Bxe8 Qxe8 24. Qxb4 Bxd3 25. Qxd4 Bxe4 26. f3 Qe5 27.
Qxe5 dxe5 28. fxe4 exf4 29. e5 Nd5 30. Ra4 h5 31. Rd4 Ne7 32. Rxf4 g5 33. Rf7
Rb7 34. Rd1 1-0

[Event "V Open Amatori"]
[Site "Arvier ITA"]
[Date "2015.01.04"]
[Round "4"]
[White "Leo, Giovanni"]
[Black "Lyabel, Giacomo"]
[WhiteElo "1398"]
[BlackElo "1544"]
[Result "0-1"]
[PlyCount "110"]
[EventDate "2015.01.02"]

1. d4 d5 2. c4 c6 3. Nc3 Nf6 4. Bf4 a6 5. e3 e6 6. cxd5 cxd5 7. Bd3 Bd6 8. Nge2
O-O 9. O-O Nc6 10. a3 Bxf4 11. Nxf4 Bd7 12. Nh5 Rc8 13. Qf3 Nxh5 14. Qxh5 g6
15. Qe2 Na5 16. Bc2 Nc4 17. Bd3 Rc7 18. Rfc1 Qc8 19. Qe1 Nxb2 20. Qe2 Nxd3 21.
Qxd3 Bb5 22. Qd2 Bc4 23. Na4 Bb5 24. Nb6 Qd8 25. a4 Rxc1+ 26. Qxc1 Qxb6 27.
axb5 Qxb5 28. Rb1 Qd7 29. Qb2 b5 30. Qa3 Qb7 31. Ra1 Ra8 32. Qb4 Qb6 33. g3 a5
34. Qc5 Qxc5 35. dxc5 Kf8 36. c6 Ke7 37. c7 Kd7 38. Rc1 b4 39. Rc5 a4 40. Rb5
Kxc7 41. Rxb4 Kc6 42. Kf1 a3 43. Rb1 e5 44. Ke1 Ra7 45. Kd2 a2 46. Ra1 d4 47.
exd4 exd4 48. Kd3 Kb5 49. Kc2 Kc4 50. Kb2 d3 51. Rc1+ Kd4 52. Rd1 a1=Q+ 53.
Rxa1 Rxa1 54. Kxa1 Kc3 55. Kb1 Kd2 0-1

[Event "V Open Amatori"]
[Site "Arvier ITA"]
[Date "2015.01.04"]
[Round "4"]
[White "Ortolani, Paolo"]
[Black "Van Hoolandt, Patrick"]
[WhiteElo "1735"]
[BlackElo "2164"]
[Result "0-1"]
[PlyCount "72"]
[EventDate "2015.01.02"]

1. e4 e5 2. Nf3 Nc6 3. Bc4 Bc5 4. c3 Nf6 5. d3 a6 6. Bb3 Ba7 7. O-O d6 8. Re1
O-O 9. Nbd2 Ng4 10. Re2 Kh8 11. h3 f5 12. Nf1 fxe4 13. dxe4 Nf6 14. Ng5 Qe8 15.
Be3 h6 16. Bxa7 Rxa7 17. Nf3 Nh5 18. Rd2 Qg6 19. Nh4 Qg5 20. Nf3 Qf6 21. Ne3
Ne7 22. Nh2 Nf4 23. Bc2 Be6 24. Nef1 Raa8 25. Ng3 g6 26. Qf1 Rf7 27. Bb3 Raf8
28. Ng4 Qg5 29. Bxe6 Nxe6 30. Qd3 h5 31. Qe3 hxg4 32. Qxg5 Nxg5 33. hxg4 Rf4
34. f3 Rxf3 35. Kh2 Rxg3 36. Kxg3 Nxe4+ 0-1

[Event "V Open Amatori"]
[Site "Arvier ITA"]
[Date "2015.01.04"]
[Round "4"]
[White "Piazza, Giacomo"]
[Black "Scalfi, Agostino"]
[WhiteElo "1592"]
[BlackElo "1780"]
[Result "0-1"]
[PlyCount "50"]
[EventDate "2015.01.02"]

1. e4 e5 2. Nf3 Nc6 3. Bc4 Bc5 4. c3 Nf6 5. d4 exd4 6. cxd4 Bb6 7. e5 d5 8.
exd6 Qxd6 9. Qe2+ Qe7 10. Be3 O-O 11. O-O Bg4 12. Nbd2 Rae8 13. Qd3 Nb4 14. Qb3
c6 15. Bg5 Nbd5 16. Ne5 Be6 17. Ne4 Bxd4 18. Nxf6+ gxf6 19. Bh6 Bxe5 20. Bxd5
Bxd5 21. Qa4 Qd7 22. f4 Qg4 23. g3 Qh3 24. Qc2 Bd4+ 25. Rf2 Qg2# 0-1

[Event "V Open Amatori"]
[Site "Arvier ITA"]
[Date "2015.01.04"]
[Round "4"]
[White "Ranieri, Fabrizio"]
[Black "Marguerettaz, Davy"]
[WhiteElo "2266"]
[BlackElo "2222"]
[Result "1-0"]
[PlyCount "139"]
[EventDate "2015.01.02"]

1. e4 e5 2. Nf3 Nc6 3. d4 exd4 4. Nxd4 Bb4+ 5. c3 Bc5 6. Be3 Bb6 7. Be2 Nf6 8.
Nxc6 bxc6 9. Bxb6 axb6 10. e5 Nd5 11. Qd2 O-O 12. c4 Ne7 13. O-O Ng6 14. f4 f6
15. exf6 Qxf6 16. g3 d5 17. cxd5 cxd5 18. Nc3 c6 19. Bf3 Bh3 20. Rfe1 Rad8 21.
Rad1 b5 22. a3 Bf5 23. Qd4 Bc2 24. Qxf6 gxf6 25. Rc1 Bb3 26. Nb1 Rfe8 27. Rxe8+
Rxe8 28. Nd2 Bc4 29. b3 Re3 30. bxc4 bxc4 31. Kg2 Rxa3 32. Nxc4 dxc4 33. Rxc4
Ra2+ 34. Kh3 Ne7 35. Rxc6 Nxc6 36. Bd5+ Kg7 37. Bxa2 Nd4 38. Kg4 Kg6 39. Bb1+
Kf7 40. Be4 h6 41. Kh3 Ke7 42. Bd5 Kd7 43. Bb7 Ke6 44. Bc8+ Kf7 45. Kg2 Ke7 46.
Kf2 Kf8 47. Bh3 Ke7 48. Ke3 Nc2+ 49. Ke4 Kf7 50. Bg2 Ke7 51. Bf1 Kf7 52. Bb5
Ke7 53. Bc4 Kf8 54. Bd5 Kg7 55. Bb7 Kf7 56. Kd3 Nb4+ 57. Kc3 Na2+ 58. Kb3 Nc1+
59. Kc2 Ne2 60. Bd5+ Kg7 61. Kd3 Ng1 62. Bg2 h5 63. h4 Kg6 64. Be4+ Kg7 65. Ke3
Kh6 66. Bg2 Kg6 67. Kf2 Kf5 68. Kxg1 Kg4 69. Kf2 f5 70. Bf3+ 1-0

[Event "V Open Amatori"]
[Site "Arvier ITA"]
[Date "2015.01.04"]
[Round "4"]
[White "Ventrella, Enrico"]
[Black "Ciuffoletti, Paolo"]
[WhiteElo "1748"]
[BlackElo "2163"]
[Result "0-1"]
[PlyCount "68"]
[EventDate "2015.01.02"]

1. d4 d5 2. c4 c6 3. Nf3 Nf6 4. Nc3 dxc4 5. a4 Bg4 6. Ne5 Bh5 7. g3 e6 8. Bg2
Nd5 9. Nxc4 a5 10. O-O Nd7 11. Re1 Be7 12. Qb3 Nb4 13. Bf4 Nb6 14. Nxb6 Qxb6
15. Rad1 O-O 16. h3 Rfd8 17. g4 Bg6 18. Rd2 Bd6 19. Bxd6 Rxd6 20. e3 Qd8 21.
Qd1 Qd7 22. e4 Rd8 23. Ne2 e5 24. d5 cxd5 25. exd5 Nxd5 26. Qb3 Nb4 27. Rxd6
Qxd6 28. Nc3 Qc5 29. Nb5 Rd3 30. Nc3 Rd2 31. Re2 Rxe2 32. Nxe2 Nd3 33. Qxb7
Qxf2+ 34. Kh2 h6 0-1

[Event "V Open Amatori"]
[Site "Arvier ITA"]
[Date "2015.01.04"]
[Round "4"]
[White "Yeuillaz, Corrado"]
[Black "Baloire, Endy"]
[WhiteElo "2221"]
[BlackElo "1960"]
[Result "1-0"]
[PlyCount "67"]
[EventDate "2015.01.02"]

1. e4 c6 2. d4 d5 3. Nc3 dxe4 4. Nxe4 Nd7 5. Nf3 Ngf6 6. Nxf6+ Nxf6 7. Bc4 e6
8. O-O Qc7 9. Qe2 Be7 10. Ne5 O-O 11. Bf4 Bd6 12. Bg3 b5 13. Bd3 a6 14. c4 bxc4
15. Bxc4 c5 16. Rac1 Qb6 17. Bd3 Qa7 18. Nc6 Qc7 19. Bxd6 Qxd6 20. Rxc5 Bb7 21.
Qe5 Qd7 22. Na5 Bd5 23. b3 Rfc8 24. Rfc1 Qd8 25. Rxc8 Rxc8 26. Rxc8 Qxc8 27.
Bxa6 Qa8 28. Bf1 h6 29. Qc7 Ne4 30. f3 Nd6 31. Bd3 g6 32. a4 Bxf3 33. Qxd6 Bxg2
34. Nc4 1-0

[Event "V Open Amatori"]
[Site "Arvier ITA"]
[Date "2015.01.05"]
[Round "5"]
[White "Baloire, Endy"]
[Black "Bagnod, Ruben"]
[WhiteElo "1960"]
[BlackElo "1819"]
[Result "1-0"]
[PlyCount "73"]
[EventDate "2015.01.02"]

1. d4 d5 2. c4 c6 3. Nf3 Nf6 4. Nc3 e6 5. Bg5 h6 6. Bh4 Be7 7. e3 Ne4 8. Bxe7
Qxe7 9. Nxe4 dxe4 10. Nd2 f5 11. Be2 Nd7 12. Bh5+ Kd8 13. O-O Nf6 14. Be2 h5
15. Rb1 Bd7 16. b4 a6 17. a4 b5 18. Nb3 bxa4 19. Nc5 a3 20. Qa4 Ke8 21. Qxa3 g5
22. b5 cxb5 23. cxb5 Bc8 24. b6 Rb8 25. Qa4+ Kf7 26. Bxa6 g4 27. Bxc8 Rhxc8 28.
b7 Rh8 29. Qc6 h4 30. Na6 Nd7 31. Nxb8 Nxb8 32. Qc8 Rg8 33. Rfc1 Qg5 34. Rb6
Kg7 35. Qxe6 h3 36. Rc7+ Kh8 37. Qh6+ 1-0

[Event "V Open Amatori"]
[Site "Arvier ITA"]
[Date "2015.01.05"]
[Round "5"]
[White "Bogatto, Mario"]
[Black "Ortolani, Paolo"]
[WhiteElo "1392"]
[BlackElo "1735"]
[Result "0-1"]
[PlyCount "108"]
[EventDate "2015.01.02"]

1. e4 c5 2. Ne2 e6 3. Nbc3 Nc6 4. d4 cxd4 5. Nxd4 a6 6. Nxc6 bxc6 7. a3 Bc5 8.
Bd3 d5 9. exd5 cxd5 10. O-O Nf6 11. Bg5 h6 12. Bh4 O-O 13. Qf3 Be7 14. Qe2 Bb7
15. Rae1 Qd7 16. f3 Bc5+ 17. Kh1 Ne8 18. Bg3 Nd6 19. Bf2 Rac8 20. Bxc5 Rxc5 21.
Na2 Nc4 22. b4 Rc7 23. Bxc4 Rxc4 24. Rd1 Qa4 25. c3 Qxa3 26. Rd2 Qa4 27. Qe5
Qb5 28. Rd4 Rfc8 29. Rxc4 Qxc4 30. Rf2 Bc6 31. Qd4 Qxd4 32. cxd4 Ba4 33. Rf1
Rc4 34. h3 Rxd4 35. Rc1 Rd1+ 36. Rxd1 Bxd1 37. Nc3 Bc2 38. Ne2 Bd3 39. Nd4 Bb5
40. Kg1 Kf8 41. Kf2 Ke7 42. Nb3 Kd6 43. f4 f6 44. g4 e5 45. Ke3 d4+ 46. Ke4
Bc6+ 47. Kf5 Ba4 48. Nc5 Bc2+ 49. Ne4+ Bxe4+ 50. Kxe4 Ke6 51. f5+ Kd6 52. h4
Kc6 53. Kd3 Kd6 54. Ke4 Kc6 0-1

[Event "V Open Amatori"]
[Site "Arvier ITA"]
[Date "2015.01.05"]
[Round "5"]
[White "Bonino, Silvano"]
[Black "Leo, Giovanni"]
[WhiteElo "1441"]
[BlackElo "1398"]
[Result "1/2-1/2"]
[PlyCount "52"]
[EventDate "2015.01.02"]

1. d4 Nf6 2. c4 e6 3. a3 d5 4. e3 c5 5. Nf3 cxd4 6. Nxd4 Nc6 7. Nc3 a6 8. Nxc6
bxc6 9. cxd5 cxd5 10. Bd3 Bd6 11. O-O O-O 12. b4 Qc7 13. Bb2 Bxh2+ 14. Kh1 Be5
15. Rc1 Qd6 16. f4 Bxc3 17. Bxc3 Nd7 18. Rf3 f5 19. Bxg7 Kxg7 20. Rg3+ Kh8 21.
Qh5 Nf6 22. Qg5 Qe7 23. Qh6 Rg8 24. Rc7 Qxc7 25. Qxf6+ Qg7 26. Rxg7 Rxg7
1/2-1/2

[Event "V Open Amatori"]
[Site "Arvier ITA"]
[Date "2015.01.06"]
[Round "5"]
[White "Ciuffoletti, Paolo"]
[Black "Cattaneo, Roger"]
[WhiteElo "2163"]
[BlackElo "1827"]
[Result "1-0"]
[PlyCount "87"]
[EventDate "2015.01.02"]

1. e4 e5 2. Bc4 Nc6 3. Nf3 Nf6 4. d4 Nxe4 5. dxe5 Nc5 6. Be3 Ne6 7. Nc3 Bb4 8.
Qd3 d6 9. O-O-O dxe5 10. Qe4 Bd6 11. h4 O-O 12. Ng5 g6 13. Bxe6 Bxe6 14. Nxe6
fxe6 15. h5 Qf6 16. Rh3 Qf5 17. hxg6 hxg6 18. Qh4 Qh5 19. Qxh5 gxh5 20. Rxh5
Kf7 21. Rdh1 Rg8 22. Ne4 Be7 23. Bg5 Rg7 24. c3 Rag8 25. Bxe7 Nxe7 26. Rxe5 Nc6
27. Rb5 b6 28. g3 e5 29. Rh6 Rg6 30. Rh7+ R8g7 31. Rxg7+ Rxg7 32. Rd5 Ke6 33.
Rd3 Ne7 34. f3 Nf5 35. g4 Nd6 36. Nxd6 cxd6 37. c4 e4 38. Re3 d5 39. cxd5+ Kxd5
40. Rxe4 Rc7+ 41. Kd2 Rh7 42. Ke3 Rh2 43. Rd4+ Ke5 44. f4+ 1-0

[Event "V Open Amatori"]
[Site "Arvier ITA"]
[Date "2015.01.05"]
[Round "5"]
[White "Marguerettaz, Davy"]
[Black "Piazza, Giacomo"]
[WhiteElo "2222"]
[BlackElo "1592"]
[Result "1-0"]
[PlyCount "55"]
[EventDate "2015.01.02"]

1. e4 e5 2. Nf3 Nc6 3. Bc4 Nf6 4. d3 Bc5 5. Be3 Bb4+ 6. c3 Be7 7. b4 d6 8. Qb3
Be6 9. Bxe6 fxe6 10. Qxe6 Qd7 11. Qxd7+ Kxd7 12. h3 b5 13. a4 bxa4 14. b5 Na5
15. Rxa4 Nb3 16. Ra3 Nc5 17. Bxc5 dxc5 18. Nxe5+ Ke6 19. f4 c4 20. Ra6+ Bd6 21.
Nxc4 Rab8 22. e5 Rxb5 23. O-O Ne8 24. exd6 cxd6 25. Rxa7 d5 26. Re1+ Kf6 27.
Ra6+ Kf7 28. Ne5+ 1-0

[Event "V Open Amatori"]
[Site "Arvier ITA"]
[Date "2015.01.05"]
[Round "5"]
[White "Ranieri, Fabrizio"]
[Black "Yeuillaz, Corrado"]
[WhiteElo "2266"]
[BlackElo "2221"]
[Result "1/2-1/2"]
[PlyCount "137"]
[EventDate "2015.01.02"]

1. e4 d5 2. exd5 Qxd5 3. Nf3 c6 4. d4 Nf6 5. Be2 Bg4 6. O-O e6 7. h3 Bxf3 8.
Bxf3 Qd7 9. c4 Be7 10. Nc3 O-O 11. Be3 Rd8 12. Qb3 Qc7 13. d5 e5 14. c5 cxd5
15. Nxd5 Nxd5 16. Bxd5 Nc6 17. Bxf7+ Kh8 18. Qc4 Nd4 19. b4 b6 20. cxb6 Qxc4
21. Bxc4 axb6 22. a3 Nc2 23. Bxb6 Rdc8 24. Bd5 Nxa1 25. Bxa8 Rxa8 26. Rxa1 Bxb4
27. a4 Kg8 28. a5 Ra6 29. Ra4 Bd6 30. Kf1 Kf7 31. Ke2 Ke6 32. Kd3 Kd5 33. f3 h5
34. g4 hxg4 35. Rxg4 Bc5 36. Bxc5 Kxc5 37. Ra4 Rf6 38. Ke3 Kb5 39. Ra3 Ka6 40.
Ra4 Rh6 41. h4 Kb5 42. Ra1 Ka6 43. Ke4 Rxh4+ 44. Kxe5 g5 45. Rd1 Rh3 46. Ke4
Kxa5 47. Rd5+ Kb6 48. Rxg5 Kc6 49. f4 Kd7 50. Re5 Kd6 51. Kf5 Rh5+ 52. Kf6 Rh6+
53. Kg5 Rh8 54. Kg4 Rg8+ 55. Kf3 Rg1 56. Re8 Kd7 57. Re2 Rg8 58. f5 Re8 59. Ra2
Ke7 60. Kf4 Rb8 61. Kg5 Rg8+ 62. Kf4 Kf6 63. Ra6+ Kf7 64. Ke5 Re8+ 65. Kf4 Re1
66. Ra7+ Kf6 67. Ra6+ Kf7 68. Ra7+ Kf6 69. Ra6+ 1/2-1/2

[Event "V Open Amatori"]
[Site "Arvier ITA"]
[Date "2015.01.05"]
[Round "5"]
[White "Scalfi, Agostino"]
[Black "Lyabel, Giacomo"]
[WhiteElo "1780"]
[BlackElo "1544"]
[Result "1/2-1/2"]
[PlyCount "37"]
[EventDate "2015.01.02"]

1. Nf3 d5 2. g3 g6 3. c4 e6 4. Bg2 Bg7 5. cxd5 exd5 6. e3 Ne7 7. O-O O-O 8. d4
Nd7 9. Nc3 c6 10. b3 b6 11. Rb1 Bb7 12. Qd2 Re8 13. Re1 Qc7 14. Ba3 Rad8 15. e4
dxe4 16. Nxe4 Nc8 17. Qc2 Nf8 18. Rbd1 Ne6 19. Bb2 1/2-1/2

[Event "V Open Amatori"]
[Site "Arvier ITA"]
[Date "2015.01.05"]
[Round "5"]
[White "Van Hoolandt, Patrick"]
[Black "Ventrella, Enrico"]
[WhiteElo "2164"]
[BlackElo "1748"]
[Result "1-0"]
[PlyCount "91"]
[EventDate "2015.01.02"]

1. d4 Nf6 2. c4 g6 3. Nc3 d5 4. cxd5 Nxd5 5. Bd2 Bg7 6. e4 Nxc3 7. Bxc3 O-O 8.
Rc1 e6 9. Nf3 b6 10. Bc4 Bb7 11. Qe2 Re8 12. O-O a6 13. a4 Qe7 14. Rfe1 Nd7 15.
b4 Nf6 16. Bd3 Rec8 17. h3 Qd7 18. a5 bxa5 19. Ne5 Qd6 20. Nc4 Qd7 21. Nxa5 c6
22. Nb3 Ne8 23. Nc5 Qc7 24. e5 Bf8 25. Ne4 Bg7 26. Ra1 Qb6 27. Nc5 Rd8 28. Bxa6
Bxa6 29. Rxa6 Rxa6 30. Qxa6 Qxa6 31. Nxa6 Ra8 32. Ra1 Bf8 33. Kf1 Ra7 34. Ke2
f5 35. Kd3 Kf7 36. Kc4 Nc7 37. Nb8 Rxa1 38. Bxa1 Nd5 39. Nxc6 Ke8 40. g3 Kd7
41. b5 Kc7 42. Bc3 Nxc3 43. Kxc3 Kb6 44. Kc4 Kc7 45. d5 exd5+ 46. Kxd5 1-0

[Event "C.to Provinciale MB"]
[Site "Ceriano Laghetto ITA"]
[Date "2015.01.20"]
[Round "1"]
[White "Canciani, Alberto"]
[Black "Lapiccirella, Daniele"]
[WhiteElo "1624"]
[BlackElo "2228"]
[Result "0-1"]
[PlyCount "64"]
[EventDate "2015.01.20"]

1. e4 c5 2. f4 e6 3. Nf3 d5 4. e5 Nc6 5. Bb5 Bd7 6. a4 Nh6 7. O-O Nf5 8. g4 Nh4
9. c3 h5 10. g5 Nf5 11. Bd3 g6 12. Bxf5 exf5 13. h4 d4 14. b3 Be6 15. c4 d3 16.
Nc3 a6 17. Bb2 Be7 18. Rb1 O-O 19. Kg2 Na7 20. Rf2 b5 21. axb5 axb5 22. cxb5
Qb6 23. Kg3 Nxb5 24. Ne1 Nd4 25. Nxd3 Bxb3 26. Qh1 Rfd8 27. Nc1 Bc2 28. Ra1
Rxa1 29. Bxa1 Qa7 30. Nd5 Rxd5 31. Qxd5 Qxa1 32. Ne2 Be4 0-1

[Event "C.to Provinciale MB"]
[Site "Ceriano Laghetto ITA"]
[Date "2015.01.20"]
[Round "1"]
[White "Cavalieri, Riccardo"]
[Black "Carugati, Mario"]
[WhiteElo "1652"]
[BlackElo "1389"]
[Result "1-0"]
[PlyCount "105"]
[EventDate "2015.01.20"]

1. e4 e5 2. Nf3 Nc6 3. d4 d5 4. exd5 Qxd5 5. dxe5 Qxd1+ 6. Kxd1 Bg4 7. Bf4
O-O-O+ 8. Kc1 h6 9. Nbd2 Nge7 10. Bd3 Nd5 11. Bg3 Be7 12. h3 Be6 13. a3 Bc5 14.
Ne4 Bb6 15. b3 Nde7 16. Ned2 Nf5 17. Nc4 Bd4 18. Nxd4 Nfxd4 19. f4 Nxb3+ 20.
cxb3 Rxd3 21. Be1 Rhd8 22. Kb2 Nd4 23. Nd2 Nxb3 24. Nxb3 Bxb3 25. Bc3 Ba4 26.
f5 Re3 27. Rhe1 Rg3 28. Re2 Bc6 29. Rg1 Rdd3 30. e6 fxe6 31. Be5 exf5 32. Bxg3
Rxg3 33. Rd2 b6 34. Rf2 g6 35. h4 h5 36. Re2 Kb7 37. Re6 f4 38. Rc1 Rxg2+ 39.
Ka1 Bd7 40. Rf6 Bf5 41. Rf1 Rg4 42. Rf7 Rxh4 43. Rc1 Kc8 44. Rcxc7+ Kd8 45.
Rxa7 Rh1+ 46. Kb2 Re1 47. Rf8+ Re8 48. Ra8+ Bc8 49. Rxc8+ Kxc8 50. Rxe8+ Kd7
51. Rg8 Ke6 52. Rxg6+ Kf5 53. Rxb6 1-0

[Event "C.to Provinciale MB"]
[Site "Ceriano Laghetto ITA"]
[Date "2015.01.20"]
[Round "1"]
[White "Lombardi, Raffaele"]
[Black "Brisotto, Stefano"]
[WhiteElo "1709"]
[BlackElo "1472"]
[Result "1-0"]
[PlyCount "97"]
[EventDate "2015.01.20"]

1. e4 c5 2. Nf3 Nc6 3. Bc4 e6 4. Nc3 Nf6 5. d3 Na5 6. Bb3 Nxb3 7. axb3 d5 8.
Bg5 Be7 9. h3 d4 10. Ne2 O-O 11. O-O Nd7 12. Bxe7 Qxe7 13. Ng3 Nf6 14. Nh2 e5
15. Qd2 Be6 16. Qg5 Qc7 17. f4 h6 18. Qxe5 Qxe5 19. fxe5 Nd7 20. Nf3 b5 21. b4
c4 22. Nxd4 cxd3 23. Nxe6 fxe6 24. Rxf8+ Kxf8 25. cxd3 Nxe5 26. d4 Nd3 27. Ne2
Nxb4 28. Nc3 a6 29. Nxb5 Rd8 30. Nc7 Ke7 31. Ra4 Rxd4 32. Nxa6 Rd1+ 33. Kh2
Nxa6 34. Rxa6 Re1 35. Ra4 Re2 36. Rb4 Kf6 37. Kg3 Ke5 38. Kf3 Re1 39. h4 g5 40.
hxg5 hxg5 41. Kg4 Rxe4+ 42. Rxe4+ Kxe4 43. Kxg5 Kd4 44. b4 e5 45. b5 Kc5 46.
Kf5 e4 47. Kxe4 Kxb5 48. g4 Kc6 49. Kf5 1-0